[Event "BRA-ch U14"]
[Site "Brasilia"]
[Date "2017.04.22"]
[Round "3"]
[White "Lopes, Antonio Augusto Bal"]
[Black "Cardoso, Enzo Rodrigues da C"]
[Result "0-1"]
[WhiteElo "1800"]
[BlackElo "1764"]
[PlyCount "44"]
[EventDate "2017.04.21"]
[EventType "swiss"]
[EventRounds "6"]
[EventCountry "BRA"]
[SourceTitle "CBM 177 Extra"]
[Source "ChessBase"]
[SourceDate "2017.04.27"]
[SourceVersion "1"]
[SourceVersionDate "2017.04.27"]
[SourceQuality "1"]

1. d4 Nf6 2. c4 c5 3. d5 b5 4. cxb5 a6 5. bxa6 d6 6. Nc3 Bxa6 7. Nf3 g6 8. Qa4+ Nbd7 9. Nb5 Bb7 10. Qb3 Bxd5 11. Qc3 Bg7 12. Bf4 0-0 13. e3 Ne4 14. Qd3 Qa5+ 15. Nd2 Nxd2 16. Qxd2 Qxd2+ 17. Kxd2 Bxb2 18. Rb1 Rxa2 19. Nc3 Bxc3+ 20. Kxc3 Rxf2 21. Bh6 Ra8 22. Rg1 Ra3+ 0-1

[Event "BRA-ch U14"]
[Site "Brasilia"]
[Date "2017.04.21"]
[Round "2"]
[White "Melo, Daniel Oliveira"]
[Black "Lopes, Antonio Augusto Bal"]
[Result "1-0"]
[WhiteElo "1733"]
[BlackElo "1800"]
[PlyCount "43"]
[EventDate "2017.04.21"]
[EventType "swiss"]
[EventRounds "6"]
[EventCountry "BRA"]
[SourceTitle "CBM 177 Extra"]
[Source "ChessBase"]
[SourceDate "2017.04.27"]
[SourceVersion "1"]
[SourceVersionDate "2017.04.27"]
[SourceQuality "1"]

1. e4 e6 2. d4 d5 3. Nc3 Bb4 4. Bd3 dxe4 5. Bxe4 Nf6 6. Bf3 0-0 7. Nge2 Nc6 8. 0-0 Bxc3 9. bxc3 e5 10. dxe5 Nxe5 11. Bf4 Nxf3+ 12. gxf3 Nd5 13. Bc1 Qd6 14. Kh1 Qf6 15. Qxd5 c6 16. Qe4 Bf5 17. Qf4 Bxc2 18. Qxf6 gxf6 19. Bb2 Rfe8 20. Rg1+ Kf8 21. Nd4 Bd3 22. Ba3+ 1-0